Normal view
MARC view
Entry Personal Name
001 - CONTROL NUMBER
- control field: 113251
003 - CONTROL NUMBER IDENTIFIER
- control field: BI-BuBU
005 - DATE AND TIME OF LATEST TRANSACTION
- control field: 20150710094608.0
008 - FIXED-LENGTH DATA ELEMENTS
- fixed length control field: 150710|||a|||||| | ||| d
040 ## - CATALOGING SOURCE
- Original cataloging agency: BI-BuBU
- Transcribing agency: BI-BuBU
100 ## - HEADING--PERSONAL NAME
- Personal name: Munutwiwe, Salathiel
670 ## - SOURCE DATA FOUND
- Source citation: Work cat.: (BI-BuBU): aut Ntomerezi, Malick 113248, Identité et pouvoir politique au Burundi, 2013
670 ## - SOURCE DATA FOUND
- Source citation: Work cat.: (BI-BuBU): aut Ntomerezi, Malick 113248, Identité et pouvoir politique au Burundi, 2013